Amor que triunfó de amores (Record no. 41277)

MARC details
000 -LEADER
campo de control de longitud fija 00515nam a2200145 i 4500
001 - NÚMERO DE CONTROL
campo de control 41277
003 - IDENTIFICADOR DE NÚMERO DE CONTROL
campo de control ES-MaACL
007 - CAMPO FIJO DE DESCRIPCIÓN FÍSICA--INFORMACIÓN GENERAL
campo de control de longitud fija t|
008 - DATOS DE LONGITUD FIJA--INFORMACIÓN GENERAL
campo de control de longitud fija 030310s1953 sp ||||1| spa d
100 1# - ENTRADA PRINCIPAL--NOMBRE DE PERSONA
Nombre de persona Cases Lamolla, Manuel.
9 (RLIN) 36301
245 10 - MENCIÓN DEL TÍTULO
Título Amor que triunfó de amores
Resto del título : comedia en tres actos y verso inspirada en la obra de Lope de Vega "Amor con vista" /
Mención de responsabilidad, etc. adapatada por Manuel Cases Lamolla.
260 ## - PUBLICACIÓN, DISTRIBUCIÓN, ETC.
Lugar de publicación, distribución, etc. Lérida :
Nombre del editor, distribuidor, etc. A. G. Ilerda,
Fecha de publicación, distribución, etc. 1953.
300 ## - DESCRIPCIÓN FÍSICA
Extensión 196 p.,3 lám. ;
Dimensiones 17 cm.
852 ## - LOCALIZACIÓN
Ubicación ES-MaACL
Número de control de estantería C-7439
Sublocalización o colección R.35177
Holdings
Estatus retirado Estado de pérdida Estado de daño No para préstamo Biblioteca de origen Biblioteca actual Ubicación en estantería Fecha de adquisición Fuente de adquisición Total de préstamos Signatura topográfica completa Código de barras Visto por última vez Precio de reemplazo Tipo de ítem Koha
        Biblioteca del Ateneo de Madrid Biblioteca del Ateneo de Madrid Sala Palomar 17/01/2008     C-7439 1043456 23/02/2023 23/02/2023 Libro impreso